000
00241nam a2200097Ia 4500
008
240331s9999 xx 000 0 und d
082
_b
RAV
100
_a
Ravindran,N
245
0
_a
Muttpokku Ilakkiyathukku kailasapathiyin Pangalippu
942
_c
L
999
_c
5810
_d
5810